La tierra para el que la trabaja. Género, sexualidad y movimientos campesinos en la Reforma Agraria chilena
Сохранить в:
| Главный автор: | |
|---|---|
| Формат: | |
| Язык: | испанский |
| Опубликовано: |
Santiago, Chile:
LOM Ediciones,
2009.
|
| Редактирование: | 1ª. edición. |
| Серии: | Colección Historia.
|
| Предметы: | |
| Метки: |
Добавить метку
Нет меток, Требуется 1-ая метка записи!
|
MARC
| LEADER | 00000nam a2200000 a 4500 | ||
|---|---|---|---|
| 001 | UCH3470 | ||
| 003 | CL-VaPUC | ||
| 005 | 20231016154001.0 | ||
| 008 | 090730e20090000CL |||||||||||||||||spa|d | ||
| 999 | |c 335009 |d 335007 | ||
| 020 | |a 978-956-00-0028-6 | ||
| 040 | |c Pontificia Universidad Católica de Valparaíso | ||
| 082 | 0 | 4 | |a 305.30983 TIN 2009 |2 21 |
| 100 | |a Tinsman, Heidi |e autora |9 589015 | ||
| 245 | 1 | 3 | |a La tierra para el que la trabaja. |b Género, sexualidad y movimientos campesinos en la Reforma Agraria chilena |
| 250 | |a 1ª. edición. | ||
| 260 | |a Santiago, Chile: |b LOM Ediciones, |c 2009. | ||
| 300 | |a 336 páginas. | ||
| 490 | |a Colección Historia. | ||
| 583 | |a last modification |c 20090730 00:00:00 |k Rodrigo Vera | ||
| 650 | |a Reforma agraria |z Chile |x Historia |y Siglo XX |9 885122 | ||
| 650 | |a Trabajadoras agrícolas |z Chile |x Condiciones sociales |9 885123 | ||
| 650 | |a Trabajadores agrícolas |z Chile |x Condiciones sociales |9 885124 | ||
| 942 | |c BK |2 ddc | ||
| 945 | |d 20090730 00:00:00 |a dcastane | ||
| 952 | |0 0 |1 0 |4 0 |6 305_309830000000000_TIN_2009 |7 0 |8 A |9 424480 |a BIBCUR |b BIBCUR |d 2019-11-22 |i 4579488 |o 305.30983 TIN 2009 |p 4579488 |r 2025-04-22 |w 2019-11-22 |y BK |k PER | ||
| 952 | |0 0 |1 0 |2 ddc |4 0 |6 305_309830000000000_TIN_2009 |7 0 |8 A |9 592001 |a BIBHIS |b BIBHIS |c GEN |d 2023-10-16 |e 13 |g 16072.00 |i 5659074 |o 305.30983 TIN 2009 |p 5659074 |r 2025-01-20 |t 3 |v 16072.00 |w 2023-10-16 |y BK |k HIS | ||
| 952 | |0 0 |1 0 |2 ddc |4 0 |6 305_309830000000000_TIN_2009 |7 0 |8 A |9 592002 |a BIBHIS |b BIBHIS |c GEN |d 2023-10-16 |e 13 |g 16072.00 |i 5659073 |l 1 |m 5 |o 305.30983 TIN 2009 |p 5659073 |q 2025-05-28 |r 2024-09-02 |s 2024-09-02 |t 2 |v 16072.00 |w 2023-10-16 |y BK |k HIS | ||